|
|
|
|
| LEADER |
01032cam a2200241 7i4500 |
| 001 |
0000053667 |
| 005 |
20200817090000.0 |
| 020 |
|
|
|a 9780826114594 (electronic book)
|
| 090 |
0 |
0 |
|a KF2915.N8
|b K54 2010
|
| 100 |
1 |
|
|a Kjervik, Diane
|
| 245 |
1 |
0 |
|a Law and ethics for advanced practice nursing
|c Diane Kjervik, Edith Ann Brous.
|
| 264 |
|
1 |
|a New York:
|b Springer,
|c 2010.
|
| 300 |
|
|
|a 1 online resource (xix, 226 pages):
|b illustrations, text file, PDF.
|
| 504 |
|
|
|a Includes bibliographical references and index
|
| 650 |
|
0 |
|a Nursing ethics --
|z United States
|
| 650 |
|
0 |
|a Nursing --
|x Law and legislation --
|z United States
|
| 650 |
|
0 |
|a Nurse practitioners --
|x Legal status, laws, etc. --
|z United States
|
| 655 |
|
0 |
|a Electronic books
|
| 700 |
1 |
|
|a Brous, Edith Ann
|
| 856 |
4 |
2 |
|u http://library.unisel.edu.my/equip-unisel/custom/ebook_catalog/ebook/LawandEthicsinAdvancedPracticeNursingcompressed.pdf
|
| 997 |
|
|
|a Health Sciences, Faculty
|
| 998 |
|
|
|a Nursing, Diploma
|
| 999 |
|
|
|a EBO0000619
|b EBOOK
|c EBOOK
|e Electronic resources
|